Millenium of Christianity in Ukraine a Symposium (Запис № 317276)

МАРК-запис
000 -Лідер
fixed length control field 00689nam a22002417a 4500
003 - Ідентифікатор контрольного номера
control field UA-OsUOA
001 - Контрольний номер
control field 30861
007 - Фіксоване поле фізичного опису
fixed length control field ta
008 - Елементи даних фіксованої довжини – загальна інформація
fixed length control field 20041116b un ||||| |||| 00| 0 ukr d
090 ## - Локальний шифр розміщення
Класифікаційний індекс УДК 27(477)"988/1988"
Авторський знак (НП) M70
040 ## - Джерело каталогізації
Агенція оригінальної каталогізації UA-OsUOA
Мова каталогізації eng
Агенція, яка здійснювала перезапис UA-OsUOA
Агенція, яка здійснювала модифікацію UA-OsUOA
041 ## - Код мови
Код мови тексту/ звукової доріжки чи окремого заголовка (П) eng
080 ## - Індекс Універсальної десяткової класифікації
Індекс Універсальної десяткової класифікації (УДК) (НП) 27(477)"988/1988"
020 ## - Міжнародний стандартний книжковий номер (ISBN)
Міжнародний стандартний книжковий номер (ISBN) (НП) 919261-21-3
044 ## - Код країни видавця/ виробника
Код країни видавця/ виробника (П) CA
245 ## - Відомості про назву
Назва (НП) Millenium of Christianity in Ukraine a Symposium
260 ## - Публікація, розповсюдження і т.п. (Вихідні дані)
Місце публікації, розповсюдження і т.п. (П) Ottawa
Ім’я/ наймення видавництва, розповсюджувача і т.п. (П) Saint Paul University
Дата публікації, розповсюдження і т.п. (П) 1987
300 ## - Фізичний опис
Обсяг 304 с.
Інші фізичні характеристики (НП) Ілюстрації
650 #7 - Додаткове предметне введення – тематичний термін
Тематичний термін чи географічна назва, як елемент введення (НП) 27 Загальна історія Християнської церкви
Джерело заголовка чи терміна UDC
942 ## - Додаткові елементи входу (Коха)
Тип елемента Koha Книги
955 ## - Код типу видання за змістом
Код типу видання за змістом (НП) Наукові видання
Фонди
Стан вилучень Стан втрат Джерело класифікації або схеми стелажів Стан уражень Не для кредиту Код колекції Постійне місце розташування Поточне розміщення Дата придбання Вартість, звичайна ціна покупки Інвентарний номер Усього замовленно Штрих-код Дата останнього перегляду Ціна ефективна від Тип елемента Koha
    Universal Decimal Classification     Колекція Українського історичного товариства ЧЗ - Читальна зала ЧЗ - Читальна зала 16/11/2004 4.00 91463   91463 06/02/2022 16/11/2004 Книги